| 000 | 00571nam a2200217Ia 4500 | ||
|---|---|---|---|
| 003 | OSt | ||
| 005 | 20221005130835.0 | ||
| 006 | a|||||r|||| 00| 0 | ||
| 007 | ta | ||
| 008 | 221004b |||||||| |||| 00| 0 ben d | ||
| 020 | _c75 | ||
| 024 | _a24547 | ||
| 037 |
_b1036, 19/03/2009, Subha Book Centre _cTextual |
||
| 040 |
_aCRL _cCRL _bben |
||
| 041 |
_2ben _aben |
||
| 082 | _aDelta2, 157N9 | ||
| 245 | 0 | _aSankap sharirakam | |
| 260 | _c1999 | ||
| 942 |
_hDelta2, 157N9 _cTEXL _2cc |
||
| 999 |
_c1058577 _d1058577 |
||